Flecha de sueño /
Guardado en:
| Autor Principal: | |
|---|---|
| Otros Autores: | |
| Formato: | Libro |
| Publicado: |
Bahía Blanca :
Instituto Superior Juna Xxiii,
1998
|
| Series: | Estudios
|
| Materias: | |
| Etiquetas: |
Agregar Etiqueta
Sin Etiquetas, Sea el primero en etiquetar este registro!
|
| LEADER | 00828nam a22002415a 4500 | ||
|---|---|---|---|
| 001 | CEM.cems012457 | ||
| 005 | 20070413170741.0 | ||
| 008 | 130507s1998##################000#0#####d | ||
| 003 | CEMS | ||
| 020 | |a 9509771260 | ||
| 082 | 0 | 4 | |a A863.4 |
| 100 | 1 | |a Bedetta de Mangiola, Norma | |
| 245 | 1 | 0 | |a Flecha de sueño / |c Norma Bedetta de Magiola y Mercedes Paglialunga de Tuma |
| 260 | |a Bahía Blanca : |b Instituto Superior Juna Xxiii, |c 1998 | ||
| 300 | |a 97 p. | ||
| 490 | 0 | |a Estudios | |
| 505 | 0 | |a Arcón de brumas / Norma Bedetta de Magiola -- Los imprecisos límites / Mercedes Paglialunga de Tuma | |
| 653 | |a Literatura | ||
| 653 | |a Literatura argentina | ||
| 653 | |a Escritores bahienses | ||
| 653 | |a Cuentos bahienses | ||
| 700 | 1 | |a Paglialunga de Tuma, Mercedes | |
| 859 | |a CEMS |b BIB. CEMS - 11 de abril |h A863.4 |i B39 |p 23895.07 |t Ej.1 | ||
